Rasta Mouse Characters - Statistics

General Stats
  • This quiz has been taken 9 times
  • The average score is 16 of 64
Answer Stats
Picture Answer % Correct
Rasta Mouse
80%
Michael Jackson
60%
small interesting mouse type creature
60%
Bill Clinton
40%
Da Easy Crew
40%
Donald Trump
40%
Hillary Clinton
40%
Jeffrey Epstein
40%
Papa Smurf
40%
Papa Smurf
40%
Papa Smurf
40%
Papa Smurf
40%
Papa Smurf
40%
Papa Smurf
40%
Rishi Sunak
40%
Roddy
40%
Stephen Hawking
40%
The small female mouse named Scratchy
40%
Big Rastamouse
20%
Chewing Character
20%
Cory J. Beck
20%
Ghislane Maxwell
20%
Green Donald Trump
20%
In 1999, Grandpa in my pocket flew to Little Saint James on his tiny aeroplane. This is why he does not appear in the Little Black Book. Anyone who tries to report on this has their intestines stabbed by Grandpa in my Pocket and his incredibly small but sharp knife
20%
Malagsy Giant Rat
20%
Mr Chedda
20%
Mr Rastamouse
20%
Papa Smurf
20%
Papa Smurf
20%
Papa Smurf
20%
Papa Smurf
20%
Papa Smurf
20%
Papa Smurf
20%
Papa Smurf
20%
Papa Smurf
20%
Papa Smurf
20%
Papa Smurf
20%
Papa Smurf
20%
Papa Smurf
20%
Papa Smurf
20%
Papa Smurf
20%
Papa Smurf
20%
Papa Smurf
20%
Papa Smurf
20%
Papa Smurf
20%
Papa Smurf
20%
Papa Smurf
20%
Papa Smurf
20%
Papa Smurf
20%
Papa Smurf
20%
Papa Smurf
20%
Prince Andrew
20%
Rastamouse On The Computer
20%
Red Donald Trump
20%
Roland Rat
20%
Small Rastamouse
20%
The Zoomer
20%
Best Gaming Mouse for Big Hands | E-YOOSO-PAW3212 4800 DPI 5 Buttons – Digital Edges | Online
0%
hello there young man
0%
Mayor Wensleydale
0%
Rastamouse In The Mouse Trap
0%
Rastamouse Next To A Ruler For Comparison
0%
Rastamouse On A Leash
0%
Rastamousetown Cat Incident 1986 (731 dead, 995 injured)
0%
No matching quizzes found
Score Distribution
Percent of People with Each Score
Percentile by Number Answered
Your Score History
You have not taken this quiz